| 000 | 00571nam a2200181Ia 4500 | ||
|---|---|---|---|
| 005 | 20250508155437.0 | ||
| 008 | 008 250505s9999 xx 000 0 eng d | ||
| 037 | _aTextual | ||
| 040 |
_aFEDL _beng _cFEDL |
||
| 041 |
_aeng _2eng |
||
| 084 |
_a362.42, UNI _qFEDL |
||
| 245 | 0 | _aOrientation of social workers to the problems of deaf persons | |
| 245 | 0 | _cU.S.Department of Health, Education, and Welfare | |
| 260 |
_aCalifornia, USA _bUniversity of California Press |
||
| 300 | _axi,135p. | ||
| 942 |
_cTEXL _h362.42, UNI |
||
| 999 |
_c1356935 _d1356935 |
||